[Event "Summer Prague Open 2020 - A"]
[Site "Olympik hotel, Sokolovska 138, Praha"]
[Date "2020.08.08"]
[Round "1"]
[Board "1"]
[White "Christiansen, Johan-Sebastian"]
[Black "Vesters, Melchior"]
[Result "1-0"]
[WhiteElo "2616"]
[BlackElo "2035"]
[PlyCount "77"]
[EventDate "2020.08.08"]
[EventRounds "9"]
[EventCountry "CZE"]

1. c4 e5 2. Nc3 Nc6 3. Nf3 g6 4. d4 exd4 5. Nd5 Bg7 6. Bg5 Nce7 7. Nxd4 c6 8.
Nc3 Qb6 9. Nb3 d5 10. Be3 Qd8 11. Bd4 Nf6 12. e3 O-O 13. cxd5 Nexd5 14. Bd3 b6
15. Qe2 c5 16. Nxd5 Qxd5 17. e4 Qg5 18. Bxf6 Qxf6 19. Rb1 Bb7 20. O-O Rad8 21.
Ba6 Ba8 22. f4 Qc6 23. Rbe1 Qa4 24. e5 Bd5 25. Rc1 Qxa2 26. Bc4 Bxc4 27. Qxc4
b5 28. Qc3 c4 29. Nc5 b4 30. Qxb4 Rb8 31. Qxc4 Rxb2 32. Qe4 Re2 33. Qf3 g5 34.
fxg5 Bxe5 35. Nd7 Rd8 36. Nf6+ Kg7 37. Kh1 Rdd2 38. Rc8 Rf2 39. Rg8#  1-0

[Event "Summer Prague Open 2020 - A"]
[Site "Olympik hotel, Sokolovska 138, Praha"]
[Date "2020.08.08"]
[Round "1"]
[Board "2"]
[White "Valenta, Vit"]
[Black "Plat, Vojtech"]
[Result "0-1"]
[WhiteElo "2030"]
[BlackElo "2566"]
[PlyCount "78"]
[EventDate "2020.08.08"]
[EventRounds "9"]
[EventCountry "CZE"]

1. b4 e5 2. Bb2 d6 3. g3 Nf6 4. Bg2 c6 5. c4 Be7 6. d3 O-O 7. Nf3 a5 8. bxa5
Qxa5+ 9. Bc3 Qa4 10. O-O h6 11. Qxa4 Rxa4 12. c5 dxc5 13. Nxe5 Be6 14. a3 Nbd7
15. Nxd7 Nxd7 16. Bb2 c4 17. d4 Ra6 18. e4 Nb6 19. Nc3 Rfa8 20. d5 Bd7 21. Nb1
Na4 22. Bd4 Nc5 23. Ra2 Nb3 24. Bb2 b5 25. e5 cxd5 26. Bxd5 R8a7 27. Rd1 Be6
28. Bxe6 fxe6 29. Nc3 b4 30. Nb5 Rb7 31. Nd6 Rd7 32. Kg2 c3 33. Bc1 Nxc1 34.
Rxc1 Bxd6 35. exd6 b3 36. Re2 b2 37. Rb1 Rdxd6 38. Rc2 Rxa3 39. Kf3 Rb6  0-1

[Event "Summer Prague Open 2020 - A"]
[Site "Olympik hotel, Sokolovska 138, Praha"]
[Date "2020.08.08"]
[Round "1"]
[Board "3"]
[White "Petr, Martin"]
[Black "Sura, Jaroslav"]
[Result "1-0"]
[WhiteElo "2464"]
[BlackElo "2027"]
[PlyCount "61"]
[EventDate "2020.08.08"]
[EventRounds "9"]
[EventCountry "CZE"]

1. e4 e5 2. f4 d5 3. exd5 exf4 4. Nf3 Nf6 5. c4 c6 6. d4 cxd5 7. c5 Be7 8. Nc3
Ne4 9. Bxf4 g5 10. Be5 f6 11. Nxe4 dxe4 12. Nxg5 Qa5+ 13. Kf2 fxe5 14. Qh5+ Kd7
15. Nxe4 Nc6 16. Bc4 Rf8+ 17. Kg3 Rf4 18. dxe5 Rh4 19. e6+ Kc7 20. Qd5 Kb8 21.
Rad1 a6 22. Rhf1 Qc7+ 23. Nd6 Qd8 24. h3 Qg8+ 25. Kh2 Ka7 26. Rf7 Nb4 27. Qd2
Bxd6+ 28. Qxd6 Rxc4 29. Qb6+ Kb8 30. Rd8 Nd5 31. Qxb7#  1-0

[Event "Summer Prague Open 2020 - A"]
[Site "Olympik hotel, Sokolovska 138, Praha"]
[Date "2020.08.08"]
[Round "1"]
[Board "4"]
[White "Rehak, Martin"]
[Black "Cernousek, Lukas"]
[Result "0-1"]
[WhiteElo "2023"]
[BlackElo "2463"]
[PlyCount "62"]
[EventDate "2020.08.08"]
[EventRounds "9"]
[EventCountry "CZE"]

1. e4 c5 2. b3 g6 3. Bb2 Nf6 4. d3 Bg7 5. c4 Nc6 6. g3 d6 7. Ne2 Bg4 8. f4 e5
9. Bg2 exf4 10. O-O fxg3 11. h3 Bxe2 12. Qxe2 O-O 13. Nc3 Nd4 14. Qd2 Nh5 15.
Ne2 Nxe2+ 16. Qxe2 Qg5 17. Bxg7 Kxg7 18. Rae1 Rae8 19. Qe3 Qxe3+ 20. Rxe3 f5
21. Ree1 f4 22. e5 Rxe5 23. Rxe5 dxe5 24. Bxb7 Rd8 25. Rd1 Nf6 26. Bf3 g5 27.
a3 a5 28. Be2 e4 29. dxe4 Rxd1+ 30. Bxd1 Nxe4 31. Kg2 Nd2  0-1

[Event "Summer Prague Open 2020 - A"]
[Site "Olympik hotel, Sokolovska 138, Praha"]
[Date "2020.08.08"]
[Round "1"]
[Board "5"]
[White "Schnider, Gert"]
[Black "Foerster-Yialamas, Lucas"]
[Result "1-0"]
[WhiteElo "2427"]
[BlackElo "2022"]
[PlyCount "63"]
[EventDate "2020.08.08"]
[EventRounds "9"]
[EventCountry "CZE"]

1. d4 Nf6 2. Nf3 g6 3. Nc3 d5 4. Bf4 Bg7 5. e3 O-O 6. Be2 b6 7. Ne5 Bb7 8. h4
Nbd7 9. h5 Nxe5 10. Bxe5 Ne4 11. hxg6 fxg6 12. Nxe4 dxe4 13. Bg3 c5 14. c3 cxd4
15. cxd4 Bd5 16. Qa4 e6 17. Ba6 Qg5 18. O-O-O Qe7 19. Kb1 Bb7 20. Bc4 Bd5 21.
Ba6 Bb7 22. Bc4 Bd5 23. Rc1 Rac8 24. Rc3 Qb7 25. Ba6 Qa8 26. Bxc8 Rxc8 27. Rhc1
Rxc3 28. Rxc3 e5 29. Qd7 Bb7 30. Rc7 Qf8 31. Rxb7 exd4 32. Bd6  1-0

[Event "Summer Prague Open 2020 - A"]
[Site "Olympik hotel, Sokolovska 138, Praha"]
[Date "2020.08.08"]
[Round "1"]
[Board "6"]
[White "Barcelo Sola, David"]
[Black "Roseneck, Jonas"]
[Result "0-1"]
[WhiteElo "2022"]
[BlackElo "2416"]
[PlyCount "72"]
[EventDate "2020.08.08"]
[EventRounds "9"]
[EventCountry "CZE"]

1. e4 c5 2. Nf3 d6 3. d4 cxd4 4. Nxd4 Nf6 5. Nc3 a6 6. Be2 e5 7. Nf3 Be7 8. O-O
O-O 9. Bg5 Nbd7 10. b4 b5 11. Qd3 Bb7 12. Rad1 Rc8 13. Rd2 Qc7 14. Nd1 Bxe4 15.
Qa3 d5 16. Ne1 d4 17. f4 Bd6 18. fxe5 Bxe5 19. Qxa6 Bb7 20. Qxb5 Ne4 21. Nf3
Nxd2 22. Nxd2 Bxh2+ 23. Kh1 Bd6 24. Bd3 Ne5 25. Be4 Rb8 26. Qe2 Bxe4 27. Nxe4
Rfe8 28. Rf6 Ng6 29. Ndf2 Rxb4 30. g3 Rbb8 31. Ng4 Qc6 32. Ngf2 gxf6 33. Qf3
Ne5 34. Qxf6 Bf8 35. Qf5 Bg7 36. Kh2 Rb6  0-1

[Event "Summer Prague Open 2020 - A"]
[Site "Olympik hotel, Sokolovska 138, Praha"]
[Date "2020.08.08"]
[Round "1"]
[Board "7"]
[White "Miedema, David"]
[Black "Pacl, Vaclav"]
[Result "1-0"]
[WhiteElo "2382"]
[BlackElo "2021"]
[PlyCount "85"]
[EventDate "2020.08.08"]
[EventRounds "9"]
[EventCountry "CZE"]

1. d4 e6 2. e4 d5 3. Nc3 Bb4 4. e5 Ne7 5. a3 Bxc3+ 6. bxc3 c5 7. Qg4 Nf5 8. Bd3
h5 9. Qf4 Qc7 10. Bd2 Nc6 11. Nf3 Nce7 12. Nh4 Nxh4 13. Qxh4 Bd7 14. Rb1 Ba4
15. dxc5 Qxe5+ 16. Kd1 Bc6 17. Re1 Qc7 18. Bf4 Qd7 19. Qg5 O-O 20. Qxh5 f5 21.
Bd6 Rae8 22. Rb4 Rf6 23. Rh4 Ng6 24. Rh3 e5 25. Rg3 Qf7 26. Bxf5 Rxf5 27. Qxg6
Rxf2 28. Bxe5 Qxg6 29. Rxg6 Re7 30. Bd4 Rxe1+ 31. Kxe1 Rf7 32. h4 Re7+ 33. Kd2
Kh7 34. Rg5 g6 35. Be5 Rf7 36. Rg3 Rf1 37. Bb8 a6 38. Be5 Rf2+ 39. Ke3 Rxc2 40.
Bd4 Ra2 41. Rf3 Rxg2 42. Rf8 g5 43. h5  1-0

[Event "Summer Prague Open 2020 - A"]
[Site "Olympik hotel, Sokolovska 138, Praha"]
[Date "2020.08.08"]
[Round "1"]
[Board "20"]
[White "Grapsa, Georgia"]
[Black "Stinka, Jakub"]
[Result "1-0"]
[WhiteElo "1989"]
[BlackElo "2299"]
[PlyCount "67"]
[EventDate "2020.08.08"]
[EventRounds "9"]
[EventCountry "CZE"]

1. d4 Nf6 2. c4 e6 3. g3 d5 4. Nf3 dxc4 5. Bg2 Nc6 6. Qa4 Bb4+ 7. Bd2 Nd5 8.
Bxb4 Ndxb4 9. Nc3 Bd7 10. O-O a5 11. Qd1 O-O 12. Rc1 Rb8 13. a3 Nd5 14. e4 Nxc3
15. Rxc3 b5 16. Qd2 Qe7 17. a4 Nb4 18. axb5 Bxb5 19. Ra1 Nd3 20. Rxa5 Qb4 21.
Rxd3 c3 22. Rxb5 Rxb5 23. Rxc3 Rd8 24. Bf1 Rb7 25. Qc2 Qxb2 26. Qxb2 Rxb2 27.
Rxc7 h6 28. Bc4 Rc2 29. Kg2 Rb8 30. Ne1 Rc3 31. Nd3 Rd8 32. d5 exd5 33. exd5
Rxd5 34. Nf4  1-0

[Event "Summer Prague Open 2020 - A"]
[Site "Olympik hotel, Sokolovska 138, Praha"]
[Date "2020.08.08"]
[Round "1"]
[Board "21"]
[White "Serrano Salvador, Eduardo"]
[Black "Machala, Vladislav"]
[Result "1-0"]
[WhiteElo "2299"]
[BlackElo "1983"]
[PlyCount "53"]
[EventDate "2020.08.08"]
[EventRounds "9"]
[EventCountry "CZE"]

1. d4 Nf6 2. Nf3 d6 3. c4 Nbd7 4. Nc3 e5 5. Bg5 Be7 6. e3 c6 7. Qc2 exd4 8.
Nxd4 Nc5 9. Nf5 Bxf5 10. Qxf5 Qa5 11. f3 Nfe4 12. fxe4 Bxg5 13. a3 Bxe3 14. b4
Qb6 15. Rd1 Rd8 16. bxc5 Bxc5 17. Be2 Qb3 18. Rd3 Qxa3 19. Rf1 O-O 20. Rff3 Qb4
21. Rh3 g6 22. Qf6 Qb2 23. Qh4 h5 24. Bxh5 Kg7 25. Bxg6 Rh8 26. Bh7 Kf8 27.
Qxd8+  1-0

[Event "Summer Prague Open 2020 - A"]
[Site "Olympik hotel, Sokolovska 138, Praha"]
[Date "2020.08.08"]
[Round "1"]
[Board "22"]
[White "Hoke, Petr"]
[Black "Pasti, Aron"]
[Result "1-0"]
[WhiteElo "1980"]
[BlackElo "2294"]
[PlyCount "103"]
[EventDate "2020.08.08"]
[EventRounds "9"]
[EventCountry "CZE"]

1. g3 d5 2. Bg2 c6 3. d3 Bg4 4. Nd2 e6 5. Ngf3 Nd7 6. O-O h5 7. h3 Bf5 8. e4
Bh7 9. exd5 cxd5 10. Nb3 Qc7 11. Bf4 Bd6 12. Bxd6 Qxd6 13. Qd2 Ne7 14. Rfe1
O-O-O 15. Qc3+ Kb8 16. Qxg7 f6 17. Nbd4 e5 18. Nb5 Qb4 19. a3 Qxb5 20. Qxe7 Qc6
21. Nd2 Qxc2 22. Qd6+ Qc7 23. Qxd5 Nc5 24. Qf3 Nxd3 25. Red1 f5 26. Qxh5 f4 27.
Qe2 fxg3 28. fxg3 Qb6+ 29. Kh2 Nf2 30. Nc4 Qc5 31. Rxd8+ Rxd8 32. Qxe5+ Qxe5
33. Nxe5 Rd2 34. Kg1 Ne4 35. Rf1 Ng5 36. h4 Be4 37. Rf2 Rd1+ 38. Kh2 Bxg2 39.
Kxg2 Ne4 40. Re2 Nf6 41. g4 Nd5 42. Kf3 Rf1+ 43. Rf2 Re1 44. Ng6 Re3+ 45. Kg2
Rb3 46. Re2 a5 47. h5 Nf6 48. h6 Rb6 49. Ne5 Ka7 50. g5 Nh7 51. g6 Nf6 52. g7
 1-0

[Event "Summer Prague Open 2020 - A"]
[Site "Olympik hotel, Sokolovska 138, Praha"]
[Date "2020.08.08"]
[Round "1"]
[Board "23"]
[White "Froeyman, Helmut"]
[Black "Hlavina, Matous"]
[Result "1-0"]
[WhiteElo "2281"]
[BlackElo "1978"]
[PlyCount "61"]
[EventDate "2020.08.08"]
[EventRounds "9"]
[EventCountry "CZE"]

1. e4 e6 2. d4 d5 3. Nc3 Nf6 4. e5 Nfd7 5. f4 c5 6. Nf3 Nc6 7. Be3 a6 8. Qd2 b5
9. dxc5 Bxc5 10. Bd3 d4 11. Nxd4 Qb6 12. Be4 Bb7 13. O-O-O O-O-O 14. Nce2 g5
15. Bxc6 Bxc6 16. b4 gxf4 17. Nxf4 Bxd4 18. Bxd4 Qc7 19. Qc3 Nb6 20. Bxb6 Qxb6
21. Rhf1 Rxd1+ 22. Kxd1 Kb8 23. Nd3 Rc8 24. Nc5 Rd8+ 25. Kc1 Qa7 26. g3 Bd5 27.
Qd3 Rc8 28. Qxh7 Rxc5 29. bxc5 Qxc5 30. Qg8+ Ka7 31. Qxf7+  1-0

[Event "Summer Prague Open 2020 - A"]
[Site "Olympik hotel, Sokolovska 138, Praha"]
[Date "2020.08.08"]
[Round "1"]
[Board "24"]
[White "Bouton, Christophe"]
[Black "Mladek, Richard"]
[Result "0-1"]
[WhiteElo "1973"]
[BlackElo "2280"]
[PlyCount "72"]
[EventDate "2020.08.08"]
[EventRounds "9"]
[EventCountry "CZE"]

1. Nf3 Nf6 2. g3 g6 3. Bg2 Bg7 4. c4 O-O 5. O-O d6 6. Nc3 Nc6 7. d3 e5 8. Bg5
h6 9. Bxf6 Bxf6 10. Rb1 a5 11. Nd5 Bg7 12. a3 Be6 13. Nd2 Nd4 14. e3 Nf5 15. b4
c6 16. Nc3 axb4 17. axb4 d5 18. cxd5 cxd5 19. e4 dxe4 20. dxe4 Nd4 21. Nd5 f5
22. Nb3 fxe4 23. Nxd4 exd4 24. Nf4 Bf5 25. Qb3+ Kh7 26. Rbe1 Re8 27. g4 Bxg4
28. Rxe4 Qd7 29. Rfe1 Bf5 30. Rxe8 Rxe8 31. Rxe8 Qxe8 32. Nd3 Qe2 33. Bf1 Qg4+
34. Bg2 Be4 35. Ne1 d3 36. f3 d2  0-1

[Event "Summer Prague Open 2020 - A"]
[Site "Olympik hotel, Sokolovska 138, Praha"]
[Date "2020.08.08"]
[Round "1"]
[Board "25"]
[White "Csiki, Endre"]
[Black "Nosek, Jan"]
[Result "1-0"]
[WhiteElo "2279"]
[BlackElo "1968"]
[PlyCount "67"]
[EventDate "2020.08.08"]
[EventRounds "9"]
[EventCountry "CZE"]

1. e4 c5 2. Nf3 d6 3. Bb5+ Bd7 4. Bxd7+ Qxd7 5. c4 Nc6 6. Nc3 Nf6 7. d4 cxd4 8.
Nxd4 g6 9. f3 Bg7 10. Be3 O-O 11. Rc1 Rfc8 12. b3 Qd8 13. O-O Qa5 14. Qd2 a6
15. Rfd1 b5 16. Nxc6 Rxc6 17. Nd5 Qxd2 18. Rxd2 Nxd5 19. exd5 Rc7 20. Rdc2 Rac8
21. Bb6 Rb7 22. Be3 Rbc7 23. Kf1 e6 24. Bb6 Rb7 25. Ba5 Bh6 26. cxb5 Rxc2 27.
Rxc2 axb5 28. Rc8+ Kg7 29. Bc3+ f6 30. dxe6 Bf4 31. Re8 b4 32. Bb2 Bxh2 33. e7
Kf7 34. Rh8  1-0

[Event "Summer Prague Open 2020 - A"]
[Site "Olympik hotel, Sokolovska 138, Praha"]
[Date "2020.08.08"]
[Round "1"]
[Board "26"]
[White "Paseka, Matyas"]
[Black "Cap, Adam"]
[Result "0-1"]
[WhiteElo "1959"]
[BlackElo "2278"]
[PlyCount "76"]
[EventDate "2020.08.08"]
[EventRounds "9"]
[EventCountry "CZE"]

1. e4 e5 2. Nf3 Nc6 3. Bb5 g6 4. Nc3 Bg7 5. d4 Nxd4 6. Nxd4 exd4 7. Ne2 c6 8.
Bc4 Nf6 9. Qxd4 O-O 10. Bg5 Nxe4 11. Bxd8 Bxd4 12. Nxd4 Rxd8 13. f3 Nc5 14. Nb3
Nxb3 15. axb3 d5 16. Bd3 Be6 17. b4 h5 18. Kf2 a6 19. Rhe1 Re8 20. Re5 Kg7 21.
g3 Kf6 22. f4 Bf5 23. Re3 Bxd3 24. Rxd3 Rad8 25. c3 Re4 26. Re3 Rde8 27. Rae1
Rxe3 28. Rxe3 Rxe3 29. Kxe3 b6 30. h3 Kf5 31. Kf3 c5 32. bxc5 bxc5 33. g4+
hxg4+ 34. hxg4+ Ke6 35. Ke3 f5 36. g5 Kd6 37. b4 Kc6 38. Kd3 Kb5  0-1

[Event "Summer Prague Open 2020 - A"]
[Site "Olympik hotel, Sokolovska 138, Praha"]
[Date "2020.08.08"]
[Round "1"]
[Board "27"]
[White "Mirimanian, Hayk"]
[Black "Pick, Stepan"]
[Result "1-0"]
[WhiteElo "2268"]
[BlackElo "1955"]
[PlyCount "67"]
[EventDate "2020.08.08"]
[EventRounds "9"]
[EventCountry "CZE"]

1. e4 e6 2. d4 d5 3. Nd2 c5 4. dxc5 Bxc5 5. Bd3 Nc6 6. Ngf3 Nf6 7. Qe2 Nb4 8.
e5 Nxd3+ 9. cxd3 Nd7 10. Nb3 Be7 11. Nbd4 Bb4+ 12. Kf1 Qb6 13. h4 f6 14. exf6
Nxf6 15. h5 O-O 16. h6 g6 17. Bg5 Bd7 18. Rh4 Rae8 19. Ne5 Bc8 20. Rc1 Bc5 21.
Ndf3 Be7 22. Be3 Qa6 23. b3 Ba3 24. Rc7 Re7 25. Qc2 Bd7 26. Bc5 Bxc5 27. Qxc5
Rfe8 28. Rf4 Ne4 29. Rxe4 dxe4 30. Nd2 Qb5 31. Qd6 Qd5 32. Nxe4 Qxd6 33. Nxd6
Bc6 34. Nxe8  1-0

[Event "Summer Prague Open 2020 - A"]
[Site "Olympik hotel, Sokolovska 138, Praha"]
[Date "2020.08.08"]
[Round "1"]
[Board "28"]
[White "Leipert, Pieter"]
[Black "Brejnik, Gustav"]
[Result "1/2-1/2"]
[WhiteElo "1955"]
[BlackElo "2265"]
[PlyCount "51"]
[EventDate "2020.08.08"]
[EventRounds "9"]
[EventCountry "CZE"]

1. d4 d5 2. Nf3 Nf6 3. Bf4 c5 4. e3 Nc6 5. c3 Qb6 6. Qb3 c4 7. Qc2 g6 8. Nbd2
Bf5 9. Qc1 Bg7 10. b3 cxb3 11. axb3 Rc8 12. Qa3 Nh5 13. Bg3 O-O 14. Be2 Nxg3
15. hxg3 a6 16. O-O e5 17. Rac1 Rfe8 18. dxe5 Nxe5 19. Nd4 Bf8 20. b4 Bd3 21.
N2f3 Bxe2 22. Nxe2 Nc4 23. Qa2 Bh6 24. Nf4 Bxf4 25. gxf4 Red8 26. Rfd1  1/2-1/2

[Event "Summer Prague Open 2020 - A"]
[Site "Olympik hotel, Sokolovska 138, Praha"]
[Date "2020.08.08"]
[Round "1"]
[Board "29"]
[White "Slampa, Jan"]
[Black "Zubizarreta Riego, Mikel"]
[Result "1-0"]
[WhiteElo "2264"]
[BlackElo "1954"]
[PlyCount "111"]
[EventDate "2020.08.08"]
[EventRounds "9"]
[EventCountry "CZE"]

1. e4 c5 2. Nf3 e6 3. d4 cxd4 4. Nxd4 a6 5. Nc3 Qc7 6. Be2 b5 7. a3 Bb7 8. f4
Nc6 9. Bf3 Be7 10. Nb3 d6 11. O-O Nf6 12. Qe1 O-O 13. Kh1 Rac8 14. Be3 Na5 15.
Nxa5 Qxa5 16. e5 Bxf3 17. exf6 Bxf6 18. Rxf3 Bxc3 19. bxc3 Qxc3 20. Rf2 Qxe1+
21. Rxe1 Rc3 22. Bc1 Rfc8 23. Ree2 Rd3 24. Kg1 Rd1+ 25. Rf1 Rd4 26. Bb2 Rdc4
27. Rff2 g6 28. h3 h5 29. Rd2 d5 30. Kh2 Kf8 31. g4 hxg4 32. hxg4 Ke7 33. Kg3
Kd6 34. Be5+ Ke7 35. Rh2 Ra4 36. Rd3 Rac4 37. c3 Ra4 38. Ra2 Rcc4 39. g5 Rc8
40. Kg4 Rac4 41. Rh3 Rf8 42. Rh7 Ra4 43. Bg7 Rg8 44. Bf6+ Ke8 45. Bd4 Rc4 46.
Rb2 Ke7 47. Bf6+ Ke8 48. Rb4 Rf8 49. Rxc4 bxc4 50. Bg7 Rg8 51. Bd4 Rf8 52. Bc5
Rg8 53. Kf3 Kd7 54. Rxf7+ Kc6 55. Bd4 Rb8 56. Re7  1-0

[Event "Summer Prague Open 2020 - A"]
[Site "Olympik hotel, Sokolovska 138, Praha"]
[Date "2020.08.08"]
[Round "1"]
[Board "30"]
[White "Steiner, Juraj"]
[Black "Dietz, Florian"]
[Result "0-1"]
[WhiteElo "1953"]
[BlackElo "2262"]
[PlyCount "98"]
[EventDate "2020.08.08"]
[EventRounds "9"]
[EventCountry "CZE"]

1. d4 Nf6 2. c4 g6 3. Nc3 Bg7 4. Bg5 d6 5. Nf3 h6 6. Bh4 g5 7. Bg3 Nh5 8. e3 c5
9. Qc2 Nxg3 10. hxg3 g4 11. Nh4 cxd4 12. exd4 Bxd4 13. Nf5 Bxf5 14. Qxf5 Qd7
15. Bd3 Qe6+ 16. Kf1 Nc6 17. Nb5 Kd8 18. Nxd4 Nxd4 19. Qf4 Nc6 20. Bf5 Qf6 21.
Rd1 h5 22. c5 Kc7 23. cxd6+ exd6 24. Kg1 Rag8 25. Be4 Qxf4 26. gxf4 Re8 27. Bf5
Ne7 28. Bd3 d5 29. g3 Nc6 30. Bf5 Kd6 31. Kg2 d4 32. b4 Kd5 33. a3 Kc4 34. Rc1+
Kb3 35. Bd7 Rd8 36. Bxc6 bxc6 37. Rxc6 d3 38. b5 Rhe8 39. Rb1+ Ka2 40. Rd1 Re2
41. Rc3 d2 42. Kf1 Kb2 43. Rc7 Re4 44. f5 Re5 45. a4 Rxf5 46. Re7 Kc2 47. Ke2
Rxf2+ 48. Kxf2 Kxd1 49. Rc7 Rd5  0-1

[Event "Summer Prague Open 2020 - B"]
[Site "Olympik hotel, Sokolovska 138,"]
[Date "2020.08.08"]
[Round "1"]
[White "Korenek, Frantisek"]
[Black "Lihotsky, Lukas"]
[Result "1/2-1/2"]
[WhiteElo "1939"]
[BlackElo "1529"]
[PlyCount "86"]
[EventDate "2020.08.08"]

1. c4 Nf6 2. Nc3 e5 3. g3 Nc6 4. Bg2 Bb4 5. Nd5 a5 6. e3 O-O 7. Ne2 Re8 8. O-O
Bf8 9. d3 d6 10. Nec3 g6 11. Nb5 Nxd5 12. cxd5 Nb8 13. Qc2 Na6 14. a3 Bd7 15.
Nc3 Bg7 16. e4 f5 17. Be3 Qe7 18. Rab1 Rf8 19. Qd2 b6 20. f4 exf4 21. Bxf4 Bd4+
22. Kh1 fxe4 23. dxe4 Be5 24. Bg5 Bf6 25. Bxf6 Rxf6 26. Rxf6 Qxf6 27. Rf1 Qg7
28. Rf4 Rf8 29. Ne2 a4 30. Nd4 Nc5 31. Kg1 Qe7 32. Qe3 Kg7 33. h3 Kg8 34. Kh2
Kg7 35. Ne2 Qe5 36. Nc3 g5 37. Rf1 Rxf1 38. Bxf1 h6 39. Be2 Bf5 40. Bd3 Bg6 41.
Bc2 Bh7 42. Kg2 Bg6 43. Kh2 Bh7 1/2-1/2

[Event "Summer Prague Open 2020 - B"]
[Site "Olympik hotel, Sokolovska 138,"]
[Date "2020.08.08"]
[Round "1"]
[White "Schoeppe, Christian"]
[Black "Bauer, Jan"]
[Result "0-1"]
[WhiteElo "1528"]
[BlackElo "1924"]
[PlyCount "34"]
[EventDate "2020.08.08"]

1. e4 e5 2. c3 d5 3. Nf3 dxe4 4. Qa4+ Nc6 5. Qxe4 Nf6 6. Qe2 Bd6 7. d4 O-O 8.
Bg5 exd4 9. cxd4 Bg4 10. Be3 Re8 11. Qd3 Nb4 12. Qb3 Bxf3 13. gxf3 Nfd5 14. Na3
Nxe3 15. fxe3 Qh4+ 16. Kd1 Qf2 17. e4 Qxd4+ 0-1

[Event "Summer Prague Open 2020 - B"]
[Site "Olympik hotel, Sokolovska 138,"]
[Date "2020.08.08"]
[Round "1"]
[White "Guggenheim, Hans"]
[Black "Lalla, Karol"]
[Result "0-1"]
[WhiteElo "1901"]
[BlackElo "1524"]
[PlyCount "100"]
[EventDate "2020.08.08"]

1. d4 f5 2. c4 Nf6 3. Nc3 e6 4. e3 d5 5. Bd3 c6 6. Qc2 Bd6 7. cxd5 cxd5 8. Nf3
Bd7 9. O-O Nc6 10. a3 a6 11. Rd1 Rc8 12. Bd2 Ne7 13. Be1 Ne4 14. Ne5 O-O 15. f3
Bxe5 16. dxe5 Nc5 17. Bf1 Ng6 18. b4 Na4 19. Qb3 Qe8 20. Rdc1 Nxe5 21. b5 Nc5
22. Qd1 a5 23. Rab1 b6 24. Bg3 Ng6 25. Qd4 Qe7 26. e4 f4 27. Bf2 dxe4 28. Nxe4
e5 29. Qd1 Nxe4 30. fxe4 Rxc1 31. Rxc1 Rf6 32. Rc7 Rd6 33. Qb3+ Be6 34. Qc3 Qd8
35. Rc6 Ne7 36. Bxb6 Rxc6 37. Bxd8 Rxc3 38. Bxe7 Rc1 39. Kf2 Rc2+ 40. Kg1 Kf7
41. Bd6 Kf6 42. b6 Rc1 43. Kf2 Rb1 44. Bc7 Bc8 45. Bc4 Rb2+ 46. Kf1 Bb7 47.
Bd8+ Kg6 48. Bd5 Bxd5 49. exd5 Kf5 50. Bc7 g5 0-1

[Event "Summer Prague Open 2020 - B"]
[Site "Olympik hotel, Sokolovska 138,"]
[Date "2020.08.08"]
[Round "1"]
[White "Jakus, Lubomir"]
[Black "Svanda, Adam"]
[Result "0-1"]
[WhiteElo "1522"]
[BlackElo "1852"]
[PlyCount "96"]
[EventDate "2020.08.08"]

1. e4 d5 2. exd5 Qxd5 3. Nc3 Qd6 4. d4 Nf6 5. Nf3 a6 6. Be2 Nc6 7. O-O e6 8.
Bg5 Be7 9. Qd2 O-O 10. Rad1 Rd8 11. a3 b5 12. Bf4 Qd7 13. Ne5 Nxe5 14. Bxe5 c5
15. Bf3 Bb7 16. Bxb7 Qxb7 17. Ne2 cxd4 18. Nxd4 Ng4 19. Qf4 Nxe5 20. Qxe5 Bf6
21. Qe3 Rd5 22. Rd3 Rad8 23. Rfd1 Qd7 24. Nf3 Bxb2 25. Rxd5 exd5 26. Nd4 Bxd4
27. Rxd4 Qe6 28. Qd2 Qd6 29. Qd3 g6 30. h4 f6 31. Qb3 Qe5 32. Qd3 Qe1+ 33. Kh2
Qxf2 34. Rxd5 Qxh4+ 35. Kg1 Qe1+ 36. Kh2 Qe5+ 37. Rxe5 Rxd3 38. Rxb5 axb5 39.
cxd3 Kf7 40. Kg3 Ke6 41. Kf4 Kd5 42. Ke3 h5 43. Kd2 h4 44. Kc3 g5 45. Kb4 Kc6
46. d4 g4 47. d5+ Kxd5 48. Kxb5 h3 0-1

[Event "Summer Prague Open 2020 - B"]
[Site "Olympik hotel, Sokolovska 138,"]
[Date "2020.08.08"]
[Round "1"]
[White "Ziabari, Morteza"]
[Black "Kanak, Matyas"]
[Result "1/2-1/2"]
[WhiteElo "1850"]
[BlackElo "1517"]
[PlyCount "90"]
[EventDate "2020.08.08"]

1. e4 c5 2. Nc3 e6 3. Nf3 Nc6 4. d4 cxd4 5. Nxd4 a6 6. Be3 Nf6 7. Bd3 Bb4 8.
O-O O-O 9. Nce2 Ne5 10. c3 Nxd3 11. Qxd3 Be7 12. a4 d5 13. e5 Nd7 14. f4 Nc5
15. Qc2 Ne4 16. Ng3 Nxg3 17. hxg3 f6 18. Nf3 f5 19. a5 Bd7 20. Bb6 Qc8 21. Qf2
Qc6 22. Nd4 Qc8 23. Nb3 Bb5 24. Rfc1 Bc4 25. Nc5 Rf7 26. Na4 Bd8 27. Bxd8 Qxd8
28. Nb6 Rb8 29. Qd4 Bb5 30. c4 dxc4 31. Qxd8+ Rxd8 32. Nxc4 Bxc4 33. Rxc4 Rfd7
34. Rb4 Kf7 35. Ra3 h5 36. Rab3 Rb8 37. Rb6 Rc7 38. Rxa6 Rd8 39. Ra7 Rd1+ 40.
Kh2 Rcc1 41. Rbxb7+ Kg8 42. Rxg7+ Kf8 43. g4 h4 44. Raf7+ Ke8 45. Re7+ Kf8
1/2-1/2

[Event "Summer Prague Open 2020 - B"]
[Site "Olympik hotel, Sokolovska 138,"]
[Date "2020.08.08"]
[Round "1"]
[White "Sedlacek, Pavel"]
[Black "Kievelitz, Bernd"]
[Result "1/2-1/2"]
[WhiteElo "1513"]
[BlackElo "1848"]
[PlyCount "93"]
[EventDate "2020.08.08"]

1. e4 c5 2. Nf3 e6 3. d4 cxd4 4. Nxd4 a6 5. Nc3 b5 6. f3 Qc7 7. Be2 Nf6 8. Be3
Bb4 9. Qd2 Bb7 10. a3 Be7 11. Bd3 Nc6 12. Nxc6 Bxc6 13. Ne2 O-O 14. Nd4 Bb7 15.
Bg5 d5 16. exd5 Bxd5 17. c3 Rfd8 18. Bxf6 Bxf6 19. Qc2 g6 20. Rd1 Rac8 21. Be4
Qb6 22. Qf2 Bc4 23. Rd2 Rd6 24. Nc2 Qxf2+ 25. Rxf2 Rcd8 26. Ne3 Bb3 27. O-O Rd2
28. Rxd2 Rxd2 29. Rf2 Rd6 30. Bc2 Bxc2 31. Rxc2 Bd8 32. c4 Rd3 33. Kf2 Bg5 34.
Nf1 bxc4 35. Rxc4 Rb3 36. Rc2 Bf6 37. Nd2 Rxb2 38. Rxb2 Bxb2 39. Nc4 Bc1 40. a4
f5 41. Ke2 Bf4 42. h3 Bc7 43. Ke3 e5 44. g4 Kf7 45. Kd3 Ke6 46. Ne3 Bb6 47. Nc4
1/2-1/2

[Event "Summer Prague Open 2020 - B"]
[Site "Olympik hotel, Sokolovska 138,"]
[Date "2020.08.08"]
[Round "1"]
[White "Svetly, Jiri"]
[Black "Marakovits, Klemens"]
[Result "1-0"]
[WhiteElo "1835"]
[BlackElo "1510"]
[PlyCount "47"]
[EventDate "2020.08.08"]

1. d4 Nf6 2. c4 g6 3. Nc3 Bg7 4. e4 d6 5. Bg5 O-O 6. Qd2 c5 7. d5 Qa5 8. Bd3
Nbd7 9. f4 Re8 10. Nf3 h6 11. Bh4 e6 12. dxe6 Rxe6 13. O-O Ng4 14. h3 Ngf6 15.
Rae1 Nf8 16. e5 N6d7 17. f5 gxf5 18. Bxf5 Rxe5 19. Nxe5 Nxe5 20. Qf4 Bxf5 21.
Qxf5 Re8 22. Rxe5 Rxe5 23. Qxf7+ Kh8 24. Bf6 1-0

[Event "Summer Prague Open 2020 - B"]
[Site "Olympik hotel, Sokolovska 138,"]
[Date "2020.08.08"]
[Round "1"]
[White "Levinsky, Ladislav"]
[Black "Klimek, Petr"]
[Result "1/2-1/2"]
[WhiteElo "1499"]
[BlackElo "1833"]
[PlyCount "76"]
[EventDate "2020.08.08"]

1. Nf3 d5 2. d4 Nf6 3. Bf4 g6 4. e3 Bg7 5. Nbd2 O-O 6. c3 b6 7. Bd3 Bb7 8. Qc2
Nbd7 9. O-O c5 10. b3 Nh5 11. Bg3 Nxg3 12. fxg3 e5 13. dxe5 Nxe5 14. Nxe5 Bxe5
15. Nf3 Bg7 16. e4 dxe4 17. Bxe4 Bxe4 18. Qxe4 Bxc3 19. Rad1 Qc7 20. Ng5 Bd4+
21. Kh1 Rae8 22. Qh4 f6 23. Nf3 Be3 24. Qc4+ Kg7 25. Qc3 Re7 26. Rd3 Rfe8 27.
Rfd1 Bd4 28. Nxd4 cxd4 29. Qxc7 Rxc7 30. Rxd4 Re2 31. a4 Ree7 32. h3 Rf7 33.
Kh2 f5 34. g4 fxg4 35. Rxg4 Rc3 36. b4 h5 37. Rgd4 Rcc7 38. Kg3 Kf6 1/2-1/2